Estadísticas para Los fichajes más caros del fútbol - Futbolistas portugueses

Haz click aquí para intentar la prueba.

Estadísticas generales

  • Esta prueba ha sido intentada 42 veces
  • La puntuación promedio es 8 de 10

Estadísticas de respuestas

Coste (M €)TemporadaÚltimo clubNuevo clubJugador% Correcto
117,002018-2019Real MadridJuventusCristiano Ronaldo
100%
94,002009-2010Manchester UnitedReal MadridCristiano Ronaldo
100%
127,202019-2020BenficaAtlético MadridJoão Félix
100%
60,002000-2001FC BarcelonaReal MadridLuís Figo
100%
71,602020-2021BenficaManchester CityRúben Dias
87%
65,002019-2020JuventusManchester CityJoão Cancelo
85%
65,002019-2020Sporting LisboaManchester UnitedBruno Fernandes
79%
60,002023-2024OportoAl-NassrOtávio
69%
62,002023-2024WolverhamptonManchester CityMatheus Nunes
67%
65,002023-2024BenficaPSGGonçalo Ramos
62%

Distribución de puntuación

Porcentaje por número respondido

Porcentaje de gente con cada puntuación

Historial de tus puntuaciones

No has intentado esta prueba.